00313nam a2200121Ia 4500008004100000040001600041041001200057082001800069100001900087245004500106260002900151300001100180230917s9999||||xx |||||||||||||| ||und|| e48911aMAIN aEnglish a823.7 D555J:C aJohnson, Edgar 0aCharles Dickens: His tragedy and triumph aLondonbAllen Lanec1977 a601 p.